000 00500nam a2200205Ia 4500
008 240510s9999 xx 000 0 und d
020 _a0000767429842
041 _aEng
082 _a305.42
082 _bL36
100 _aLIPS, H.M.:
245 2 _aA NEW PSYCHOLOGY OF WOMEN : GENDER CULTURE AND ETHNICITY
250 _a2nd ed.
260 _bMCGRAW HILL
260 _c2003
300 _a491 p.
650 _aPsychology - Women: Social Conditions - Women
942 _2ddc
942 _cLBK
999 _c27901
_d27901
945 _a1
_bMadushi Gamage
_c1
_dMadushi Gamage